[Event "Reykjavik Open 2016"]
[Site "Reykjavik ISL"]
[Date "2016.03.10"]
[Round "4.22"]
[White "Baldursson, Hrannar"]
[Black "Ly, Moulthun"]
[Result "0-1"]
[WhiteTitle "AGM"]
[BlackTitle "IM"]
[WhiteElo "2124"]
[BlackElo "2500"]
[WhiteFideId "2301156"]
[BlackFideId "3204405"]
[EventDate "2016.03.08"]

1. c4 Nf6 2. Nc3 e5 3. g3 c6 4. Bg2 Bb4 5. Qc2 O-O 6. e4 Re8 7. Nge2 a6 8. O-O
Bf8 9. d3 b5 10. b3 Bb7 11. a3 d6 12. h3 Nbd7 13. Be3 d5 14. exd5 cxd5 15. cxd5
Rc8 16. Qb2 Nb6 17. d4 Nfxd5 18. dxe5 Nxe3 19. Bxb7 Rc7 20. Bxa6 Nxf1 21. Bxb5
Nd2 22. Bxe8 Nf3+ 23. Kg2 Qa8 24. Bb5 Nh4+ 25. Kf1 Qg2+ 26. Ke1 Nf3+ 27. Kd1
Qxf2 28. Kc1 Nd4 29. Kb1 Nxb5 30. Nxb5 Qf5+ 0-1

[Event "Reykjavik Open 2016"]
[Site "Reykjavik ISL"]
[Date "2016.03.10"]
[Round "4.23"]
[White "Tan, Justin2"]
[Black "Johannesson, Oliver"]
[Result "1-0"]
[WhiteTitle "IM"]
[BlackTitle "FM"]
[WhiteElo "2441"]
[BlackElo "2177"]
[WhiteFideId "3206882"]
[BlackFideId "2305623"]
[EventDate "2016.03.08"]

1. Nf3 d5 2. g3 c6 3. Bg2 Bg4 4. c4 e6 5. cxd5 exd5 6. O-O Nf6 7. d3 Be7 8. Nc3
O-O 9. h3 Bh5 10. e4 dxe4 11. dxe4 Nbd7 12. Qc2 Re8 13. Bf4 Nc5 14. Rad1 Qc8 15.
g4 Bg6 16. Ne5 Bf8 17. Bg3 Nfd7 18. Nxg6 hxg6 19. f4 a5 20. Kh2 Nb6 21. e5 Rd8
22. f5 Rxd1 23. Qxd1 gxf5 24. gxf5 Qd8 25. Qh5 Qd2 26. Rf4 Nbd7 27. Rh4 Qh6 28.
Qg4 Qd2 29. Bf4 1-0

[Event "Reykjavik Open 2016"]
[Site "Reykjavik ISL"]
[Date "2016.03.10"]
[Round "4.24"]
[White "Thorfinnsson, Bragi"]
[Black "Ingvason, Johann"]
[Result "1-0"]
[WhiteTitle "IM"]
[WhiteElo "2419"]
[BlackElo "2171"]
[WhiteFideId "2300958"]
[BlackFideId "2301431"]
[EventDate "2016.03.08"]

1. Nf3 d5 2. g3 c5 3. Bg2 Nc6 4. c4 d4 5. O-O e5 6. d3 Nf6 7. e3 Be7 8. exd4
exd4 9. Re1 O-O 10. Bg5 h6 11. Bxf6 Bxf6 12. Nbd2 Rb8 13. a3 b5 14. cxb5 Rxb5
15. Qc2 Qb6 16. Nc4 Qb8 17. Nfd2 Ne5 18. Ne4 Be6 19. a4 Rb4 20. Nxf6+ gxf6 21.
Nxe5 fxe5 22. Qxc5 Rxb2 23. Rxe5 Rc8 24. Qxd4 Rb4 25. Qe3 Rb1+ 26. Rxb1 Qxb1+
27. Bf1 Rc1 28. Qe2 Rc2 29. Rb5 Rxe2 30. Rxb1 Ra2 31. d4 Rxa4 32. Rd1 Bd5 33.
Bg2 Bxg2 34. Kxg2 Kf8 35. Rd2 Ra6 36. Kh3 Ke7 37. Kg4 Ra5 38. h4 Kd6 39. Kf4 Kd5
40. Kf5 Ra6 41. g4 Rg6 42. Ra2 a6 43. Ra4 Rb6 44. f4 Kc6 45. h5 Kb5 46. Ra1 Kc4
47. g5 Kxd4 48. Ra4+ Ke3 49. g6 fxg6+ 50. hxg6 1-0

[Event "Reykjavik Open 2016"]
[Site "Reykjavik ISL"]
[Date "2016.03.10"]
[Round "4.25"]
[White "Sigeman, Johan"]
[Black "Lehner, Oliver"]
[Result "1/2-1/2"]
[BlackTitle "IM"]
[WhiteElo "2164"]
[BlackElo "2418"]
[WhiteFideId "1705601"]
[BlackFideId "1602560"]
[EventDate "2016.03.08"]

1. d4 Nf6 2. c4 g6 3. Nc3 Bg7 4. Nf3 d5 5. cxd5 Nxd5 6. e4 Nxc3 7. bxc3 c5 8.
Rb1 O-O 9. Be3 cxd4 10. cxd4 Qa5+ 11. Qd2 Qxd2+ 12. Kxd2 Rd8 13. Bd3 e6 14. e5
f6 15. exf6 Bxf6 16. Ke2 Nc6 17. Be4 a5 18. Bxc6 bxc6 19. Rhc1 Ba6+ 20. Ke1 Bb5
21. Ne5 Rac8 22. a4 Bxa4 23. Ra1 Bb5 24. Rxa5 Be7 25. Bd2 Bd6 26. Ra7 Bb8 27.
Rd7 Rxd7 28. Nxd7 Ba7 29. Be3 Rd8 30. Nc5 Bxc5 31. Rxc5 1/2-1/2

[Event "Reykjavik Open 2016"]
[Site "Reykjavik ISL"]
[Date "2016.03.10"]
[Round "4.26"]
[White "Antal, Tibor Kende"]
[Black "Giannatos, Peter"]
[Result "1-0"]
[WhiteTitle "FM"]
[WhiteElo "2406"]
[BlackElo "2155"]
[WhiteFideId "738581"]
[BlackFideId "2041650"]
[EventDate "2016.03.08"]

1. b3 d5 2. Bb2 Bg4 3. f3 Bf5 4. e3 e6 5. Ne2 Nf6 6. Nbc3 h6 7. d4 c5 8. Qd2 Nc6
9. a3 Rc8 10. O-O-O Be7 11. g4 Bh7 12. dxc5 Bxc5 13. Kb1 Qe7 14. Ka2 a6 15. Nd4
Qc7 16. Nxc6 Qxc6 17. Bd3 Bxd3 18. Qxd3 Be7 19. h4 Nd7 20. e4 Nc5 21. exd5 Nxd3
22. dxc6 Nf2 23. cxb7 Rb8 24. Ne4 Nxh1 25. Bxg7 Rg8 26. Nf6+ Bxf6 27. Bxf6 1-0

[Event "Reykjavik Open 2016"]
[Site "Reykjavik ISL"]
[Date "2016.03.10"]
[Round "4.27"]
[White "Lindsoe, Fredrik Aunan"]
[Black "Liang, Awonder"]
[Result "1/2-1/2"]
[BlackTitle "IM"]
[WhiteElo "2112"]
[BlackElo "2405"]
[WhiteFideId "1506560"]
[BlackFideId "2056437"]
[EventDate "2016.03.08"]

1. c4 g6 2. Nc3 c5 3. Nf3 Bg7 4. d4 cxd4 5. Nxd4 Nc6 6. Nc2 Nf6 7. e4 O-O 8. Be2
d6 9. O-O Bd7 10. Bd2 a6 11. Rb1 Rc8 12. f3 Be8 13. Nd5 Ne5 14. Nxf6+ Bxf6 15.
Bh6 Qb6+ 16. Kh1 Bg7 17. Bxg7 Kxg7 18. b3 Nc6 19. Qc1 Bd7 20. Ne3 Kg8 21. Nd5
Qd4 22. Rd1 Qg7 23. c5 Be6 24. cxd6 exd6 25. Qb2 Bxd5 26. Qxg7+ Kxg7 27. Rxd5
Rfd8 28. Rd2 Kf6 29. Rbd1 Ke7 30. f4 h5 31. Bc4 b5 32. Be2 Nb4 33. Kg1 Nc6 34.
Kf2 Na5 35. g3 Nc6 36. Bf3 Nb8 37. Be2 Rc6 38. e5 Rd7 39. Bf3 Rb6 40. Re2 dxe5
41. Rxe5+ Kf6 42. Red5 Ke7 43. Re5+ Kf6 44. Red5 Ke7 45. Re5+ 1/2-1/2

[Event "Reykjavik Open 2016"]
[Site "Reykjavik ISL"]
[Date "2016.03.10"]
[Round "4.28"]
[White "Christiansen, Johan-Sebastian"]
[Black "Fransson, Lennart"]
[Result "1-0"]
[WhiteTitle "IM"]
[WhiteElo "2401"]
[BlackElo "2144"]
[WhiteFideId "1512668"]
[BlackFideId "1706756"]
[EventDate "2016.03.08"]

1. Nf3 f5 2. d3 Nf6 3. e4 d6 4. Nc3 e5 5. exf5 Bxf5 6. d4 e4 7. Nh4 Bg4 8. Be2
Bxe2 9. Qxe2 d5 10. Bg5 Bb4 11. Qb5+ Nc6 12. Qxb7 Nxd4 13. O-O-O Bxc3 14. bxc3
Rb8 15. Qa6 Rb6 16. Qa4+ Nc6 17. Be3 Qb8 18. Bxb6 Qxb6 19. Nf5 Kf7 20. Ne3 Rb8
21. g4 d4 22. cxd4 Qb2+ 23. Kd2 Nxd4 24. Qc4+ Ne6 25. Rb1 Rd8+ 26. Ke2 Qe5 27.
Rhd1 Rxd1 28. Rxd1 Qxh2 29. Rb1 Qf4 30. Rb5 Qf3+ 31. Ke1 Qh1+ 32. Qf1 Qh2 33. g5
Nd7 34. Qc4 Ne5 35. Qxe4 Nd4 36. g6+ hxg6 37. Qd5+ Kf6 38. Qxd4 1-0

[Event "Reykjavik Open 2016"]
[Site "Reykjavik ISL"]
[Date "2016.03.10"]
[Round "4.29"]
[White "Braun, Christian2"]
[Black "Riccardi, Thomas"]
[Result "1/2-1/2"]
[WhiteTitle "IM"]
[WhiteElo "2386"]
[BlackElo "2135"]
[WhiteFideId "4692098"]
[BlackFideId "2025973"]
[EventDate "2016.03.08"]

1. e4 c5 2. Nf3 e6 3. d4 cxd4 4. Nxd4 Nc6 5. Nc3 Qc7 6. Be2 a6 7. Be3 b5 8. Nxc6
Qxc6 9. e5 Bb7 10. Bf3 Qc7 11. Bxb7 Qxb7 12. Qg4 Qc7 13. Qe4 Rd8 14. O-O-O f5
15. Qd4 Ne7 16. f4 Nc6 17. Qb6 Qxb6 18. Bxb6 Rb8 19. Bc7 Rb7 20. Bd6 Bxd6 21.
Rxd6 g5 22. fxg5 Kf7 23. Re1 h6 24. g4 fxg4 25. Ne4 Kg6 26. gxh6 Nxe5 27. Nc5
Nf3 28. Re2 Rc7 29. Nxd7 Kxh6 30. Ne5 Kg5 31. Nxf3+ gxf3 32. Rf2 e5 33. Rxf3
Rxh2 34. c3 b4 35. Rd8 Kg4 36. Rf1 bxc3 37. Rg8+ Kh4 38. b3 Rd7 39. Rfg1 Rh7 40.
a3 c2 41. R8g4+ Kh5 42. Rg5+ Kh4 43. Rxe5 Rh3 44. Re4+ Kh5 45. Rb4 Rc7 46. Rb8
Rc6 47. Rh8+ Rh6 48. Rxh6+ Kxh6 49. Kxc2 Rf3 50. Rg4 Kh7 51. a4 Kh6 52. Rb4 Rf6
53. a5 Kg7 54. Rb6 Kf7 55. b4 Re6 56. b5 Re5 57. bxa6 Rxa5 58. Rh6 Kg7 59. Rc6
Kf7 60. Rh6 Kg7 61. Rb6 Kf7 62. Kc3 Ke7 63. Kb4 Ra1 64. Kb5 Kd7 65. Rb7+ Kc8 66.
Kb6 Rb1+ 67. Ka7 Ra1 68. Rb4 Kc7 69. Rc4+ Kd7 70. Kb7 Rb1+ 71. Ka8 Ra1 72. a7
Rb1 73. Rc2 Rb3 74. Rh2 Rb1 75. Rh8 Kc7 76. Rb8 Ra1 77. Rb2 Rc1 78. Rb7+ Kc8 79.
Rc7+ 1/2-1/2

[Event "Reykjavik Open 2016"]
[Site "Reykjavik ISL"]
[Date "2016.03.10"]
[Round "4.30"]
[White "Kavutskiy, Konstantin"]
[Black "Edel, Thomas"]
[Result "1-0"]
[WhiteTitle "FM"]
[WhiteElo "2369"]
[BlackElo "2127"]
[WhiteFideId "2026384"]
[BlackFideId "24653233"]
[EventDate "2016.03.08"]

1. d4 f5 2. g3 Nf6 3. Bg2 g6 4. Nf3 d6 5. O-O Bg7 6. c4 O-O 7. Nc3 Qe8 8. d5 a5
9. Be3 Na6 10. Rc1 Bd7 11. Bd4 Nc5 12. b3 e5 13. Nxe5 dxe5 14. Bxc5 Rf7 15. e3
f4 16. exf4 exf4 17. Nb5 Bxb5 18. cxb5 Qxb5 19. Bh3 Ne4 20. a4 Qa6 21. Be6 Nc3
22. Rxc3 Bxc3 23. Qf3 Be5 24. gxf4 Bf6 25. f5 Kg7 26. Bxf7 Kxf7 27. fxg6+ hxg6
28. Re1 Re8 29. Rxe8 Kxe8 30. Qg4 Bd8 31. d6 cxd6 32. Qxg6+ Kd7 33. Qf5+ Kc7 34.
Be3 Kc6 35. Kg2 Bc7 36. h4 Qe2 37. h5 1-0

[Event "Reykjavik Open 2016"]
[Site "Reykjavik ISL"]
[Date "2016.03.10"]
[Round "4.31"]
[White "Jameson, David"]
[Black "Vuilleumier, Alexandre"]
[Result "0-1"]
[BlackTitle "IM"]
[WhiteElo "2103"]
[BlackElo "2366"]
[WhiteFideId "1801538"]
[BlackFideId "1305662"]
[EventDate "2016.03.08"]

1. e4 c5 2. c3 Nf6 3. e5 Nd5 4. d4 cxd4 5. Nf3 Nc6 6. cxd4 d6 7. Bc4 Nb6 8. Bb5
dxe5 9. Nxe5 Bd7 10. Nxd7 Qxd7 11. O-O Rd8 12. Nc3 e6 13. Be3 Be7 14. Qf3 O-O
15. Rfd1 Nd5 16. Nxd5 Qxd5 17. Qxd5 Rxd5 18. Bxc6 bxc6 19. Kf1 f5 20. f4 Rb8 21.
Rd2 c5 22. Rad1 c4 23. Rc1 Ra5 24. Rxc4 Rxa2 25. Rcc2 Rb3 26. Kf2 Bf6 27. Rc8+
Kf7 28. Rc7+ Kg6 29. Rcc2 a5 30. Ke2 a4 31. g3 Kh5 32. h3 h6 33. Bf2 g5 34. Be3
gxf4 35. Bxf4 Bg5 36. Bxg5 hxg5 37. d5 exd5 38. Rxd5 Rxg3 39. Rxf5 Rxh3 40. Rf2
a3 41. Kf1 Ra1+ 42. Kg2 a2 43. Kxh3 Rh1+ 44. Rh2 Rxh2+ 45. Rxh2 a1=Q 46. Kg3+
Kg6 47. Rf2 Qb1 48. Rg2 Qd3+ 49. Kh2 Kf5 0-1

[Event "Reykjavik Open 2016"]
[Site "Reykjavik ISL"]
[Date "2016.03.10"]
[Round "4.32"]
[White "Hedman, Erik"]
[Black "Bruun, Henrik Emil"]
[Result "1-0"]
[WhiteTitle "FM"]
[WhiteElo "2349"]
[BlackElo "2123"]
[WhiteFideId "1702351"]
[BlackFideId "1410334"]
[EventDate "2016.03.08"]

1. d4 Nf6 2. c4 g6 3. Nc3 Bg7 4. e4 d6 5. Bd3 O-O 6. Nge2 c5 7. d5 e6 8. h3 exd5
9. cxd5 Re8 10. O-O Na6 11. Ng3 Bd7 12. Bg5 h6 13. Bf4 Qe7 14. Qd2 Qf8 15. Rae1
Nc7 16. a4 b6 17. Bc4 Nh7 18. Rb1 a6 19. b4 cxb4 20. Rxb4 Reb8 21. Rfb1 b5 22.
axb5 axb5 23. Nxb5 Ne8 24. Be3 Ng5 25. f4 Nh7 26. Na7 Nef6 27. e5 dxe5 28. fxe5
Nh5 29. Nxh5 gxh5 30. e6 Ba4 31. Qe1 Bc2 32. Rxb8 Rxb8 33. Rxb8 Qxb8 34. Nc6 Qe8
35. Qc1 Be4 36. exf7+ Qxf7 37. d6 Bd5 38. Bxd5 1-0

[Event "Reykjavik Open 2016"]
[Site "Reykjavik ISL"]
[Date "2016.03.10"]
[Round "4.33"]
[White "Midoux, Sebastien"]
[Black "Santeramo, Alessia"]
[Result "0-1"]
[BlackTitle "WFM"]
[WhiteElo "2342"]
[BlackElo "2095"]
[WhiteFideId "611140"]
[BlackFideId "850810"]
[EventDate "2016.03.08"]

1. Nf3 Nf6 2. g3 c5 3. Bg2 Nc6 4. O-O e5 5. c4 d5 6. cxd5 Nxd5 7. Nc3 Nc7 8. d3
Be7 9. Nd2 O-O 10. Nc4 f6 11. Bxc6 bxc6 12. Qa4 Bd7 13. Bd2 Nb5 14. Rfc1 Qc7 15.
Qd1 Rad8 16. Na4 Qb8 17. Na5 Nd4 18. b3 Qb5 19. Nc4 Bg4 20. f3 Be6 21. Kf2 Bd5
22. Rab1 Qb8 23. Na5 f5 24. Nc3 e4 25. Bf4 Qb4 26. Nxd5 cxd5 27. Qd2 Qb6 28. Kg2
Rde8 29. fxe4 fxe4 30. dxe4 dxe4 31. e3 Nf3 32. Qd5+ Kh8 33. Nc6 Bf6 34. Rc2 Rc8
35. Qxc5 Qxc5 36. Rxc5 Rfd8 37. Nxd8 Rxc5 38. Rd1 Rc2+ 39. Kf1 Nxh2+ 40. Kg1
Nf3+ 41. Kf1 Nd2+ 42. Kg1 Bxd8 0-1

[Event "Reykjavik Open 2016"]
[Site "Reykjavik ISL"]
[Date "2016.03.10"]
[Round "4.34"]
[White "Sigfusson, Sigurdur"]
[Black "Finsterwalder, Sebastian"]
[Result "1/2-1/2"]
[WhiteTitle "FM"]
[WhiteElo "2299"]
[BlackElo "2095"]
[WhiteFideId "2300168"]
[BlackFideId "24632090"]
[EventDate "2016.03.08"]

1. e4 e6 2. d4 d5 3. Nc3 Nf6 4. e5 Nfd7 5. f4 c5 6. Nf3 Nc6 7. Be3 Be7 8. Qd2
O-O 9. Be2 b6 10. O-O Bb7 11. Kh1 f6 12. exf6 Nxf6 13. Bd3 Nb4 14. Ng5 Nxd3 15.
cxd3 Qd7 16. Bg1 Rae8 17. Rae1 Bd6 18. Nf3 Re7 19. Ne5 Qe8 20. a4 Nd7 21. Nb5
Bb8 22. Nxd7 Qxd7 23. dxc5 a6 24. Nd6 Bc6 25. b4 Bxa4 26. Ra1 Bxd6 27. cxd6 Ref7
28. Bxb6 e5 29. Kg1 exf4 30. Rf3 d4 31. Qa2 Bc6 32. Rxf4 Kh8 33. Rxf7 Rxf7 34.
Re1 Rf6 35. Bc5 h6 36. Qe2 Rg6 37. g3 Qh3 38. Qf2 Rf6 39. Qb2 Rg6 40. Bxd4 Rxg3+
41. hxg3 Qh1+ 42. Kf2 Qf3+ 43. Kg1 Qh1+ 44. Kf2 Qf3+ 45. Kg1 Qh1+ 1/2-1/2

[Event "Reykjavik Open 2016"]
[Site "Reykjavik ISL"]
[Date "2016.03.10"]
[Round "4.35"]
[White "Pogan, Nikolas"]
[Black "Bottema, Martin"]
[Result "1-0"]
[WhiteTitle "FM"]
[WhiteElo "2285"]
[BlackElo "2091"]
[WhiteFideId "24673579"]
[BlackFideId "1011006"]
[EventDate "2016.03.08"]

1. d4 Nf6 2. c4 e6 3. g3 d5 4. Nf3 Be7 5. Bg2 O-O 6. O-O dxc4 7. Qc2 a6 8. Qxc4
b5 9. Qc2 Bb7 10. Bd2 Be4 11. Qc1 c6 12. Be3 Nbd7 13. Nc3 Bg6 14. Rd1 Rc8 15. a3
Qc7 16. Bf4 Qb6 17. b4 a5 18. Qb2 axb4 19. axb4 Nd5 20. Na2 Ra8 21. Bg5 Bd6 22.
Ne5 Qc7 23. Nxg6 hxg6 24. e4 N5b6 25. Nc3 Rxa1 26. Rxa1 Nc4 27. Qb3 Rb8 28. d5
cxd5 29. exd5 e5 30. Rc1 Qc6 31. Nxb5 Qxb5 32. Rxc4 Bxb4 33. Rc7 Nc5 34. Qf3 f6
35. Bxf6 1-0

[Event "Reykjavik Open 2016"]
[Site "Reykjavik ISL"]
[Date "2016.03.10"]
[Round "4.36"]
[White "Thorhallsson, Simon"]
[Black "Viana, Dirceu"]
[Result "1-0"]
[BlackTitle "FM"]
[WhiteElo "2092"]
[BlackElo "2261"]
[WhiteFideId "2310090"]
[BlackFideId "2101360"]
[EventDate "2016.03.08"]

1. d4 e6 2. c4 f5 3. g3 Nf6 4. Bg2 Bb4+ 5. Nd2 a5 6. Nf3 b6 7. Ne5 Ra7 8. O-O
Bb7 9. Bxb7 Rxb7 10. Ndf3 Be7 11. b3 O-O 12. Bb2 Ne4 13. Nd2 d6 14. Nd3 Qe8 15.
Nxe4 fxe4 16. Nf4 Bg5 17. e3 Nd7 18. d5 Bxf4 19. dxe6 Qxe6 20. exf4 Nc5 21. Qd4
Qg6 22. Rae1 Rbb8 23. Ba3 Rbe8 24. Bxc5 bxc5 25. Qd2 h5 26. Qxa5 Rxf4 27. Qxc7
h4 28. Re3 Rf3 29. Rfe1 Ref8 30. Rxf3 exf3 31. Qe7 Qd3 32. Qxh4 Qd2 33. Qe4 Kh8
34. a4 Qc3 35. Qe3 Qb4 36. Rd1 Qa3 37. h4 Rf6 38. Re1 Rf8 39. Kh2 Qa2 40. g4 Qb2
41. Kg3 Rb8 42. g5 Qc2 43. h5 Qf5 44. h6 Rf8 45. hxg7+ Kxg7 46. Rh1 d5 47. cxd5
Qxd5 48. Qc3+ Kg6 49. Rh6+ Kxg5 50. Qg7+ 1-0

[Event "Reykjavik Open 2016"]
[Site "Reykjavik ISL"]
[Date "2016.03.10"]
[Round "4.37"]
[White "Kazarian, Anna-Maja"]
[Black "Arnarsson, Hrannar"]
[Result "1/2-1/2"]
[WhiteTitle "FM"]
[WhiteElo "2248"]
[BlackElo "2089"]
[WhiteFideId "1033689"]
[BlackFideId "2301121"]
[EventDate "2016.03.08"]

1. e4 e6 2. d4 d5 3. exd5 exd5 4. c4 Nf6 5. Nc3 Be7 6. Bd3 O-O 7. Nge2 Nc6 8. a3
Bg4 9. f3 Bh5 10. Be3 Bg6 11. O-O Re8 12. Bf2 Bxd3 13. Qxd3 Qd7 14. cxd5 Nxd5
15. Nxd5 Qxd5 16. Nc3 Qd7 17. Rad1 a6 18. Rfe1 Rad8 19. d5 b5 20. b4 Bf8 21.
Rxe8 Qxe8 22. Re1 Qd7 23. Qe4 Ne7 24. Bc5 Ng6 25. f4 Bd6 26. Bxd6 Qxd6 27. f5
Nf8 28. Re3 Nd7 29. h3 h6 30. Qd4 Nf6 31. Ne4 Nxe4 32. Rxe4 c6 33. Rg4 f6 34.
Qa7 Qd7 35. Qxd7 Rxd7 36. dxc6 Rd1+ 37. Kf2 Rc1 38. Re4 Rxc6 39. Re8+ Kh7 40.
Ra8 h5 41. Ra7 Kh6 42. h4 g6 43. Ke3 gxf5 44. Kd4 Rc4+ 45. Kd5 Rxh4 46. Rxa6 Kg6
47. Ra8 Kg7 48. Ra7+ Kg6 49. Ra8 Rg4 50. Ke6 Re4+ 51. Kd5 h4 52. Rg8+ Kh7 53.
Rc8 Re2 54. Rc3 Kg6 55. Rh3 Rxg2 56. Rxh4 Rg3 57. Rh8 Rxa3 58. Rg8+ Kf7 59. Rb8
f4 60. Rxb5 f3 61. Ke4 Rb3 62. Rf5 Ke6 63. Rh5 f5+ 64. Kf4 f2 65. Rh6+ Kd5 66.
Rh1 Rxb4+ 67. Kf3 Rb2 68. Rd1+ Ke5 69. Rf1 Ra2 70. Ke3 Rc2 71. Kf3 Rc4 72. Kxf2
Kf4 73. Kg2+ Kg4 74. Rf2 Rc1 75. Ra2 f4 76. Ra3 Rc2+ 77. Kf1 Rc4 78. Kg2 Rb4 79.
Kf1 Rb2 80. Kg1 Re2 81. Kf1 f3 82. Ra8 Re4 83. Kf2 Re2+ 84. Kf1 Re4 1/2-1/2

[Event "Reykjavik Open 2016"]
[Site "Reykjavik ISL"]
[Date "2016.03.10"]
[Round "4.38"]
[White "Lien, Kjell Hakon"]
[Black "Einarsson, Halldor Gretar"]
[Result "1/2-1/2"]
[BlackTitle "FM"]
[WhiteElo "2083"]
[BlackElo "2245"]
[WhiteFideId "1510444"]
[BlackFideId "2300150"]
[EventDate "2016.03.08"]

1. c4 Nf6 2. g3 g6 3. Bg2 Bg7 4. Nf3 O-O 5. O-O d6 6. d4 c6 7. Nc3 Qa5 8. Qd2 e5
9. b3 exd4 10. Nxd4 Qh5 11. Rd1 Na6 12. Bb2 Bh3 13. Bxh3 Qxh3 14. Nf3 Nc5 15.
Ng5 Qh5 16. h4 Rad8 17. b4 Ne6 18. Nce4 Nxe4 19. Nxe4 f5 20. Bxg7 Nxg7 21. Nxd6
f4 22. Qe1 fxg3 23. fxg3 Qe5 24. c5 b5 25. Rab1 Ne6 26. Kg2 g5 27. hxg5 Nxg5 28.
Rb3 Rf6 29. e4 Rdf8 30. Qe3 h6 31. Re1 Qe6 32. Nf5 Re8 33. Nxh6+ Rxh6 34. Qxg5+
Kh8 35. Qxh6+ Qxh6 36. Rh1 Qxh1+ 37. Kxh1 Rxe4 38. Rb2 a5 39. a3 Re3 40. Ra2 1/2-1/2

[Event "Reykjavik Open 2016"]
[Site "Reykjavik ISL"]
[Date "2016.03.10"]
[Round "4.39"]
[White "Haugli, Petter"]
[Black "Diaz, Franck"]
[Result "1-0"]
[WhiteTitle "IM"]
[WhiteElo "2244"]
[BlackElo "2060"]
[WhiteFideId "1500104"]
[BlackFideId "639125"]
[EventDate "2016.03.08"]

1. c4 Nf6 2. Nc3 g6 3. d4 Bg7 4. e4 d6 5. Be2 Na6 6. Bg5 h6 7. Be3 c5 8. d5 Nc7
9. Nf3 O-O 10. O-O Ng4 11. Bf4 g5 12. Bg3 Ne5 13. Nxe5 dxe5 14. a3 Qd6 15. Rb1
a5 16. Bg4 b6 17. Bxc8 Rfxc8 18. Qe2 Rd8 19. Rfd1 Rdb8 20. a4 Rd8 21. Rd3 Rd7
22. Rbd1 Rad8 23. R1d2 Ne8 24. Nd1 Qg6 25. Rb3 Rb7 26. f3 Nd6 27. Ne3 Kf8 28.
Bf2 Rdb8 29. g4 Ke8 30. Nf5 Nxf5 31. exf5 Qd6 32. Bg3 f6 33. Qe4 Kd8 34. Kg2 Kd7
35. Bf2 Rh8 36. Rb5 Kc7 37. Rd3 Rhb8 38. Rdb3 Kc8 39. Qe1 Bf8 40. h4 Qd7 41.
hxg5 hxg5 42. Qh1 Qe8 43. Qh7 Kc7 44. Qg8 Qd7 45. Qe6 Qd6 46. Rd3 Ra8 47. Rd1
Rbb8 48. Rh1 Rd8 49. Rh7 Rab8 50. Kf1 Rb7 51. Ke2 Rbb8 52. Rf7 Ra8 53. Rh7 Rab8
54. Kf1 Rb7 55. Ke2 Rbb8 56. Rh8 Ra8 57. Kf1 Rab8 58. Kg2 Ra8 59. Qf7 Qd7 60.
Qe6 Qd6 61. Rh7 Rab8 62. Rb3 Ra8 63. Re3 Re8 64. Bg3 Qxe6 65. fxe6 Kd6 66. Rb3
Reb8 67. Kf1 Kc7 68. Ke2 Kd6 69. Kd3 Kc7 70. Ke4 Kd6 71. Kf5 Kc7 72. Re3 Kd6 73.
Rxe5 1-0

[Event "Reykjavik Open 2016"]
[Site "Reykjavik ISL"]
[Date "2016.03.10"]
[Round "4.40"]
[White "Lochte, Thomas"]
[Black "Ragnarsson, Dagur"]
[Result "0-1"]
[BlackTitle "FM"]
[WhiteElo "2067"]
[BlackElo "2243"]
[WhiteFideId "4606272"]
[BlackFideId "2304058"]
[EventDate "2016.03.08"]

1. e4 c6 2. d4 d5 3. e5 Bf5 4. Nc3 e6 5. g4 Bg6 6. Nge2 c5 7. Be3 Nc6 8. dxc5 a6
9. f4 Qh4+ 10. Ng3 d4 11. Bxd4 O-O-O 12. Bxa6 Nxd4 13. Bd3 Nh6 14. Ne4 Qxg4 15.
Nd6+ Bxd6 16. cxd6 Qxf4 17. Bxg6 Qe3+ 18. Ne2 Nf3+ 0-1

[Event "Reykjavik Open 2016"]
[Site "Reykjavik ISL"]
[Date "2016.03.10"]
[Round "4.41"]
[White "Lind, Jan-Olov"]
[Black "Ruonala, Robert"]
[Result "0-1"]
[WhiteElo "2234"]
[BlackElo "2048"]
[WhiteFideId "1701193"]
[BlackFideId "1724703"]
[EventDate "2016.03.08"]

1. Nf3 d5 2. g3 Nf6 3. Bg2 c5 4. O-O Nc6 5. d3 e6 6. Nbd2 Bd6 7. e4 Qc7 8. Re1
O-O 9. Qe2 dxe4 10. dxe4 e5 11. c3 Re8 12. Nc4 Be6 13. Nh4 Bxc4 14. Qxc4 a6 15.
Nf5 b5 16. Qd3 Bf8 17. Bg5 c4 18. Qf3 Nd7 19. Red1 f6 20. Bc1 Nc5 21. Ne3 Nd3
22. Nd5 Qa7 23. Be3 Bc5 24. Bxc5 Qxc5 25. b4 Qa7 26. Rab1 f5 27. exf5 e4 28. Qe3
Qf7 29. Bxe4 Rxe4 30. Qxe4 Re8 31. Nf6+ gxf6 32. Qxc6 Re2 33. a4 Qa7 34. Rf1
Nxf2 35. Kg2 Ng4+ 36. Kh3 h5 37. Qe6+ Rxe6 38. fxe6 Qe3 39. Rb2 Qxe6 40. Rf4
Ne3+ 41. Kh4 Nd5 42. Rd4 Nxc3 43. axb5 Ne4 44. h3 Qe5 45. Rxe4 Qxe4+ 46. g4 Qe1+ 0-1

[Event "Reykjavik Open 2016"]
[Site "Reykjavik ISL"]
[Date "2016.03.10"]
[Round "4.42"]
[White "Heimisson, Hilmir Freyr"]
[Black "Lasinskas, Povilas"]
[Result "0-1"]
[BlackTitle "FM"]
[WhiteElo "2048"]
[BlackElo "2229"]
[WhiteFideId "2309998"]
[BlackFideId "12800503"]
[EventDate "2016.03.08"]

1. d4 Nf6 2. c4 g6 3. Nc3 d5 4. Nf3 Bg7 5. Bg5 dxc4 6. Bxf6 Bxf6 7. e4 O-O 8.
Bxc4 Bg4 9. e5 Bg7 10. Bd5 c6 11. Be4 Qb6 12. Ne2 Qb4+ 13. Qd2 Qxd2+ 14. Nxd2
Bxe2 15. Kxe2 Rd8 16. Nb3 Na6 17. Rac1 e6 18. Rhd1 Bf8 19. g3 Rd7 20. f4 Rad8
21. h3 Nc7 22. a3 Nb5 23. Rc4 c5 24. a4 Nxd4+ 25. Nxd4 cxd4 26. Kd3 a5 27. Rdc1
b6 28. R1c2 Bc5 29. Rc1 Kg7 30. Rh1 f6 31. exf6+ Kxf6 32. Re1 Re7 33. Rc2 e5 34.
fxe5+ Rxe5 35. Rf2+ Kg7 36. Ref1 Rd7 37. Re2 Rde7 38. Rf3 Re8 39. Rf1 Rb8 40.
Ref2 Re7 41. Rc1 Re5 42. Rfc2 Rbe8 43. Re2 Rf8 44. Rg1 b5 45. Ra1 Rb8 46. b4
Bxb4 47. Kxd4 Rg5 48. Rc1 Rxg3 49. Rc7+ Kh6 50. Rd7 Rxh3 51. axb5 Rxb5 52. Rc2
Rb6 53. Rf7 Bd6 54. Bc6 Rh5 55. Bf3 Rb4+ 56. Ke3 Rb3+ 57. Kd4 Bc5+ 58. Kc4 Rb4+
59. Kd3 Rd4+ 60. Kc3 Rhh4 61. Kb2 Bd6 62. Rc6 Be5 63. Kc2 Rh2+ 64. Kb3 a4+ 65.
Ka3 Bd6+ 66. Rxd6 Rxd6 67. Kxa4 Rf2 68. Kb4 Rd3 69. Bd5 Rxf7 70. Bxf7 g5 0-1